Reálie anglicky mluvících zemí basic facts on English-speaking countries
Salvato in:
| Autore principale: | |
|---|---|
| Natura: | Libro |
| Lingua: | inglese |
| Pubblicazione: |
Plzeň
Fraus
2006
|
| Edizione: | 3. aktualiz. a rozšíř. vyd. |
| Soggetti: | |
| Tags: |
Nessun Tag, puoi essere il primo ad aggiungerne!!
|
MARC
| LEADER | 00000nam$a2200000$$$4500 | ||
|---|---|---|---|
| 001 | 0110785 | ||
| 005 | 20240313090339.6 | ||
| 020 | |a 80-7238-307-8 | ||
| 041 | 0 | |a eng | |
| 044 | |a CZ | ||
| 245 | 1 | 0 | |a Reálie anglicky mluvících zemí |b basic facts on English-speaking countries |c Světla Brendlová |
| 250 | |a 3. aktualiz. a rozšíř. vyd. | ||
| 264 | 1 | |a Plzeň |b Fraus |c 2006 | |
| 300 | |a 113 s. | ||
| 610 | 2 | 0 | |a história |
| 610 | 2 | 0 | |a spoločnosť |
| 610 | 2 | 0 | |a geografia |
| 610 | 2 | 0 | |a populácia |
| 610 | 2 | 0 | |a systémy politické |
| 610 | 2 | 0 | |a politika hospodárska |
| 610 | 2 | 0 | |a kultúra |
| 610 | 2 | 0 | |a umenie |
| 610 | 2 | 0 | |a literatúra |
| 610 | 2 | 0 | |a veda |
| 610 | 2 | 0 | |a Veľká Británia |
| 610 | 2 | 0 | |a Kanada |
| 610 | 2 | 0 | |a Austrália |
| 610 | 2 | 0 | |a Nový Zéland |
| 610 | 2 | 0 | |a Írsko |
| 610 | 2 | 0 | |a USA |
| 610 | 2 | 0 | |a Amerika |
| 100 | 1 | |a Brendlová, Světla | |